Manual de desvanecimientos / (Record no. 193761)

MARC details
000 -LEADER
campo de control de longitud fija 01094nam a2200277 i 4500
001 - NÚMERO DE CONTROL
campo de control 193761
003 - IDENTIFICADOR DE NÚMERO DE CONTROL
campo de control ES-MaACL
005 - FECHA Y HORA DE LA ÚLTIMA TRANSACCIÓN
campo de control 20240906185637.0
007 - CAMPO FIJO DE DESCRIPCIÓN FÍSICA--INFORMACIÓN GENERAL
campo de control de longitud fija ta
008 - DATOS DE LONGITUD FIJA--INFORMACIÓN GENERAL
campo de control de longitud fija 240212s2023 sp ||||| |||| 00| 0 spa d
017 ## - NÚMERO DE COPYRIGHT O DE DEPÓSITO LEGAL
Número de copyright o de depósito legal M 30624-2023
020 ## - NÚMERO INTERNACIONAL ESTÁNDAR DEL LIBRO
Número Internacional Estándar del Libro 9788409549436
040 ## - FUENTE DE CATALOGACIÓN
Centro/agencia transcriptor ES-MaACL
Centro/agencia modificador ES-MaACL
100 ## - ENTRADA PRINCIPAL--NOMBRE DE PERSONA
9 (RLIN) 234843
Nombre de persona Rivera Claudio, Eugenio
Término indicativo de función/relación Autor
245 10 - MENCIÓN DEL TÍTULO
Título Manual de desvanecimientos /
Mención de responsabilidad, etc. Eugenio Rivera ; prólogo y notas del Dr. Max Valdemar.
260 ## - PUBLICACIÓN, DISTRIBUCIÓN, ETC.
Lugar de publicación, distribución, etc. [Madrid] :
Nombre del editor, distribuidor, etc. Ayuntamiento de Torrejón de Ardoz,
Fecha de publicación, distribución, etc. [2023]
300 ## - DESCRIPCIÓN FÍSICA
Extensión 94 páginas ;
Dimensiones 21 cm
852 ## - LOCALIZACIÓN
Ubicación ES-MaACL
Sublocalización o colección R.154882
Ubicación en estantería Depósito J
Número de control de estantería N-9697
Donativo/Legado Donación: Eugenio Rivera Claudio
Anotaciones manuscritas Dedicatoria autógrafa del autor
itemnumber 201311
Encuadernación Encuadernación rústica con solapas
903 ## - NOMBRE PERSONAL DE DONANTE
9 234843
a Rivera Claudio, Eugenio
e Donante
942 ## - ELEMENTOS DE ENTRADA SECUNDARIOS (KOHA)
Suprimir en OPAC No
Tipo de ítem Koha Libro impreso
Holdings
Estatus retirado Estado de pérdida Fuente del sistema de clasificación o colocación Estado de daño No para préstamo Colección Biblioteca de origen Biblioteca actual Ubicación en estantería Fecha de adquisición Fuente de adquisición Total de préstamos Signatura topográfica completa Código de barras Visto por última vez Precio de reemplazo Tipo de ítem Koha Nota pública
    Clasificación decimal universal     Libros con dedicatorias Biblioteca del Ateneo de Madrid Biblioteca del Ateneo de Madrid Depósito J 30/11/2023 Donación   N-9697 101206710 12/02/2024 12/02/2024 Libro impreso Dedicatoria autógrafa del autor